000 00673nam a22002770a 4500
001 PT20494
003 AR-LpoUNG
005 20210131232921.0
008 191001s2001||||sp |||||||||||||||||spa d
020 _a848549895x
_c$16,67
040 _aAR-LpoUNG
_bspa
_cAR-LpoUNG
_eaacr
041 _aspa
044 _asp
082 0 _aA861 643hoj
100 1 _aGonzález Martínez, Emilio
245 1 0 _aHojas debidas
260 _aMadrid :
_bGrupo Cero,
_c2001.
300 _a70 p. :
_btbls.
650 4 _aARGENTINA
650 4 _aLITERATURA
651 4 _aDOCUMENTOS TEORICOS O METODOLOGICOS
653 _aMAES
653 _aPOESIA
905 _a20494
942 _cLIB
999 _c18165
_d18165